000 00544nam a2200217Ia 4500
003 OSt
005 20220918214437.0
006 a|||||r|||| 00| 0
007 ta
008 220917b |||||||| |||| 00| 0 eng d
024 _a137,568
037 _cTextual
040 _aARTS
_cARTS
_beng
041 _2eng
_aeng
082 _aXM55n6-53:N00, K1
245 0 _aAnnuaire des entreprises d'Outremer, 1960-1961
260 _c1961
650 _aECONOMICS
942 _hXM55n6-53:N00, K1
_cTEXL
_2CC
999 _c260648
_d260648